Ils ont gagné en MotoGP / 500cm³ - Sélection de tuiles - Statistiques

Statistiques générales
  • Ce quiz a été pris 13 fois
  • Le résultat moyen est 32 sur 57
Statistiques - réponses
Question Tuile Select % Correct
GP de France au Mans Kork Ballington Non
100%
Laguna Seca Andrea Dovizioso Non
92%
Depuis 2000, ils ont obtenus fais Pole position, meilleur tour et victoire le même week-end Brad Binder Non
92%
+ de 7 courses consécutives dans la même saison Geoff Duke Non
92%
GP de France au Mans Johann Zarco Oui
92%
+ de 7 courses consécutives dans la même saison John Surtees Non
92%
Laguna Seca Loris Capirossi Non
92%
+ de 7 courses consécutives dans la même saison Marc Marquez Oui
92%
Pilotes débutants vainqueurs Marco Bezzecchi Non
92%
Laguna Seca Troy Bayliss Non
92%
Laguna Seca Wayne Gardner Non
92%
Depuis 2000, ils ont obtenus fais Pole position, meilleur tour et victoire le même week-end Dani Pedrosa Oui
83%
+ de 7 courses consécutives dans la même saison Fabio Quartararo Non
83%
Depuis 2000, ils ont obtenus fais Pole position, meilleur tour et victoire le même week-end Johann Zarco Non
83%
Pilotes débutants vainqueurs Pedro Acosta Non
83%
Laguna Seca Sete Gibernau Non
83%
Laguna Seca Valentino Rossi Oui
83%
Depuis 2000, ils ont obtenus fais Pole position, meilleur tour et victoire le même week-end Andrea Dovizioso Oui
75%
+ de 7 courses consécutives dans la même saison David Alonso Non
75%
Depuis 2000, ils ont obtenus fais Pole position, meilleur tour et victoire le même week-end Diogo Moreira Non
75%
GP de France au Mans Fabio Quartararo Non
75%
+ de 7 courses consécutives dans la même saison Giacomo Agostini Oui
75%
Pilotes débutants vainqueurs Haruchika Aoki Non
75%
GP de France au Mans Louis Rossi Non
75%
Depuis 2000, ils ont obtenus fais Pole position, meilleur tour et victoire le même week-end Joan Mir Non
67%
+ de 7 courses consécutives dans la même saison Jorge Lorenzo Non
67%
Pilotes débutants vainqueurs Maverick Viñales Non
67%
+ de 7 courses consécutives dans la même saison Valentino Rossi Oui
67%
Pilotes débutants vainqueurs Fabio Quartararo Non
58%
Pilotes débutants vainqueurs Fermin Aldeguer Oui
58%
GP de France au Mans Giacomo Agostini Oui
58%
Pilotes débutants vainqueurs Jorge Martin Oui
58%
GP de France au Mans Kenny Roberts Non
58%
Laguna Seca Marc Marquez Oui
58%
+ de 7 courses consécutives dans la même saison Mick Doohan Oui
58%
Depuis 2000, ils ont obtenus fais Pole position, meilleur tour et victoire le même week-end Aleix Espargaro Oui
50%
Depuis 2000, ils ont obtenus fais Pole position, meilleur tour et victoire le même week-end Miguel Oliveira Oui
50%
GP de France au Mans Mick Doohan Oui
42%
Laguna Seca Casey Stoner Oui
33%
Laguna Seca Jorge Lorenzo Oui
33%
GP de France au Mans Kevin Schwantz Oui
33%
Laguna Seca Nicky Hayden Oui
33%
Pilotes débutants vainqueurs Brad Binder Oui
25%
Laguna Seca Dani Pedrosa Oui
25%
Laguna Seca John Kocinski Oui
25%
Depuis 2000, ils ont obtenus fais Pole position, meilleur tour et victoire le même week-end Loris Capirossi Oui
25%
Laguna Seca Wayne Rainey Oui
25%
Depuis 2000, ils ont obtenus fais Pole position, meilleur tour et victoire le même week-end Alex Barros Oui
17%
GP de France au Mans Barry Sheene Oui
17%
Laguna Seca Eddie Lawson Oui
17%
GP de France au Mans Francesco Bagnaia Non
17%
Depuis 2000, ils ont obtenus fais Pole position, meilleur tour et victoire le même week-end Max Biaggi Oui
17%
GP de France au Mans Randy Mamola Oui
17%
Laguna Seca Luca Cadalora Oui
8%
Depuis 2000, ils ont obtenus fais Pole position, meilleur tour et victoire le même week-end Makoto Tamada Oui
8%
GP de France au Mans Georges Jolly Oui
0%
Pilotes débutants vainqueurs Simon Crafar Oui
0%
Aucun quiz correspondant
Distribution des résultats
% des personnes avec chaque résultat
Percentile par nombre de réponses
Votre historique - résultats
Vous n’avez pas pris ce quiz